000 00316nam a22001337a 4500
020 _a81-223-0072-3
082 _a158
_bKOP/G
100 _aKOPS,GEORGE
245 _aGREAT SPEAKERS AREN'T BORN
260 _aBANGALORE
_bPUSTHAK MAHAL
300 _a186
650 _aPERSONALITY DEVEOPMENT BOOK
_zBANGALORE
942 _cBK
999 _c5410
_d5410